| 000 | 00878nam a2200253 i 4500 | ||
|---|---|---|---|
| 001 | 132491 | ||
| 003 | ES-MaACL | ||
| 005 | 20250911063552.0 | ||
| 007 | t| | ||
| 008 | 070214s1981 sp r ||||1| spa d | ||
| 080 | _a821.134.2-14"19" | ||
| 100 | 1 |
_aRomero Murube, Joaquín, _d1904-1969 _999419 |
|
| 245 | 1 | 3 |
_aLa Sevilla de ... Romero Murube / _cselección y comentarios de Concha Cobreros ; prólogo de Manuel Barrios. |
| 260 |
_aSevilla : _bCaja Rural Provincial, _c1981. |
||
| 300 |
_a96 p. : _bil. ; _c18 cm. |
||
| 490 | 1 |
_aLa Sevilla de... ; _v1 |
|
| 700 | 1 |
_aCobreros, Concha. _939374 |
|
| 700 |
_aBarrios, Manuel, _d1924-2012 _9235239 |
||
| 710 | 2 |
_aCaja Rural Provincial de Sevilla. _92345 |
|
| 830 | 0 |
_aLa Sevilla de... ; _v1 _9233390 |
|
| 852 |
_aES-MaACL _jL-1745 _bR.102246 |
||
| 852 |
_aES-MaACL _jL-1746 _bR.102247 |
||
| 999 |
_c132491 _d132491 |
||